Qauntenchemie Band 4., Komplexverbindungen
Uložené v:
| Hlavný autor: | |
|---|---|
| Médium: | Kniha |
| Jazyk: | German |
| Vydavateľské údaje: |
Heidelberg
Hüthig
1979
|
| Predmet: | |
| On-line prístup: | View in OPAC |
| Tagy: |
Žiadne tagy, Buďte prvý, kto otaguje tento záznam!
|
MARC
| LEADER | 00000nam a2200000 a 4500 | ||
|---|---|---|---|
| 005 | 20260127134346.0 | ||
| 008 | 171214 1979 gw 000 0 ger d | ||
| 020 | |a 3778505270 | ||
| 035 | |a vtls011727334 | ||
| 039 | 9 | |a 201712141029 |b mschk03 |c 201712141029 |d mschk03 |y 201712141023 |z mschk03 | |
| 040 | |a STUSCHK1 |b slo |c STUSCHK1 |e AACR2 | ||
| 100 | 1 | |a Haberditzl, Werner | |
| 245 | 1 | |a Qauntenchemie |b Band 4., Komplexverbindungen |c W.Haberditzl | |
| 260 | |a Heidelberg |b Hüthig |c 1979 | ||
| 300 | |a 663 s. |b il. |c 23 cm | ||
| 650 | 0 | |a Koordinationsverbindung | |
| 910 | |a SCHK95 | ||
| 919 | |a 3-7785-0527-0 | ||
| 999 | |c 10777 |d 10777 | ||
| 942 | 0 | 0 | |0 1 |